000
00301 a2200121 4500
082
_a
301 HAR
100
_a
Haralambos
245
_a
Sociology Themes and Perspectives
250
_a
5th ed.
260
_a
Islambad :
_b
National Book Foundation,
300
_a
1116p. :
_b
ill., ;
_c
28 cm
650
_a
Sociology
999
_c
109
_d
109